000 00641nam a2200181 a 4500
001 000048172
005 20240306073903.0
008 181204s2002 dr 000 0 spa d
020 _a9993484180
040 _aDO-SdBNP
_bspa
_cBNPHU
100 1 _aFerrer, Vicente
_930463
245 1 0 _aEducación artística 2 :
_beducación básica /
_cVicente Ferrer ; ilustración Ruddy Núñez; direcciómn editorial Obdulia García Escobar.
260 _aSanto Domingo :
_bSantillana,
_c2002.
300 _a87p. :
_bil. ;
_c28cm.
590 _aInventariado, 2019/MFF
700 1 _aNúñez, Ruddy
_eul.
_923171
700 1 _aGarcía Escobar, Obdulia de
_929220
999 _c47660
_d47660